000 00518nam a2200169Ia 4500
003 LDD
008 190117s9999 xx 000 0 und d
020 _c₹18
040 _cLDD
041 _ahi
082 _a8H2.7 वै 7139 ना
100 _aवैष्णव, लक्ष्मीकान्त
245 0 _aनाटक नही
_cलक्ष्मीकान्त वैष्णव
260 _aनई दिल्ली
_bराजकमल
_c1983
300 _a94 प्र.
942 _2ddc
_cH
999 _c170255
_d170255